1498 1469 1065 1739 1005 1090 1099 1110 1681 1728 1421 1023 1410 1258 1098 1891 1959 1115 1875 1934 1791 1617 1716 1032 1278 1720 1784 1788 1812 1373 1315 1507 1623 1297 1477 1378 1254 1158 1723 1367 1952 1701 1830 1929 1535 1552 1565 1123 1681 1685 1652 1426 1058 1877 1775 1783 1329 1461 1972 1801 1692 1356 1410 1443 1902 1250 1190 1460 1261 1029 1580 1763 1295 1068 1614 1774 1220 1561 1611 1722 1132 1066 1649 1571 1864 1946 1413 1352 1933 1976 1288 1852 1881 1138 1417 1004 1833 1872 1599 BCNSPRNW ULIB Ver.6.0+V

เปลี่ยนเป็นภาษาไทย

Change to English
 แสดงรายละเอียดบรรณานุกรม
  กลับหน้าหลัก

Brief Record : Get Marc (ISO 2709) : E-mail record : QR code < ปิดหน้าต่าง
LEADER : 00000nam 2200000uu 4500
001    13399108182
003     ULIB
008    110220s2548||||th 000 0 tha d
060  4 WY18.2^bว587อ 2548
110 1  วิทยาลัยพยาบาลเครือข่ายภาคกลาง
245 00 สาระทบทวน วิชา การพยาบาลอนามัยชุมชนและรักษาเบื้องต้น/^cวิทยาลัยพยาบาลเครือข่ายภาคกลาง
250    พิมพ์ครั้งที่ 1
260    กรุงเทพฯ:^bวิทยาลัยพยาบาลเครือข่ายภาคกลาง,^c2548
300    147
650  7 การพยาบาลอนามัยชุมชน^xคำถามและคำตอบ
945    ^p0^l0^i016680
945    ^p0^l0^i016678
945    ^p0^l0^i016676
945    ^p0^l0^i019186
945    ^p0^l0^i016679
945    ^p0^l0^i016677
995    ทศพร
999 ^a ใช้งานได้ทุกระบบ
รายการนี้ยังไม่มีแท็ก
คุณยังไม่ได้ล็อกอิน คุณสามารถมีกิจกรรมร่วมกับเว็บไซต์ได้ แต่ต้องล็อกอินก่อน ::
  ล็อกอิน

รายการสื่อสารสนเทศ

ลำดับที่ ประเภท เลขเรียก/บาร์โค้ด สถานที่ สถานะ
- ไม่พบข้อมูล -

BibComment


ยังไม่เคยถูกคอมเมนท์

คอมเมนท์ทรัพยากรรายการนี้
  คอมเมนท์: สาระทบทวน วิชา กา..


 Copyright 2026. Bcnsprnw @Library